| 000 | 00690nam a2200229Ia 4500 | ||
|---|---|---|---|
| 001 | 10066 | ||
| 003 | GE_BSU | ||
| 008 | 181216s||||||||xx |||||||||||||| ||und|| | ||
| 040 | _cGE_BSU | ||
| 080 | _a821.353.1–31 | ||
| 100 | _aროყვა,შოთა | ||
| 245 | _aლაპარაკობს მოსკოვი | ||
| 245 | _bრომანი | ||
| 245 | _cრედ.გ.მოისწრაფიშვილი | ||
| 260 | _aბათუმი | ||
| 260 | _bსაბჭოთა აჭარა | ||
| 260 | _c1979 | ||
| 300 | _a160გვ.21სმ. | ||
| 653 | _aლაპარაკობს მოსკოვი | ||
| 653 | _aრომანი | ||
| 942 | _cBK | ||
| 999 |
_c43338 _d43338 |
||